The Rise of Critical Islam: (Record no. 16602)

MARC details
000 -LEADER
fixed length control field 02187cam a2200229 i 4500
008 - FIXED-LENGTH DATA ELEMENTS--GENERAL INFORMATION
fixed length control field 230216s2023 nyu b 001 0 eng
020 ## - INTERNATIONAL STANDARD BOOK NUMBER
International Standard Book Number 9780197685006
040 ## - CATALOGING SOURCE
Original cataloging agency DLC
Language of cataloging eng
Description conventions rda
Transcribing agency NVIC
100 1# - MAIN ENTRY--PERSONAL NAME
Personal name Youcef L. Soufi
245 14 - TITLE STATEMENT
Title The Rise of Critical Islam:
Remainder of title 10th-13th Century Legal Debate
260 ## - PUBLICATION, DISTRIBUTION, ETC. (IMPRINT)
Place of publication, distribution, etc. New York:
Name of publisher, distributor, etc. Oxford University Press,
Date of publication, distribution, etc. 2023
300 ## - PHYSICAL DESCRIPTION
Extent 274 p.,
Dimensions 24 cm
440 ## - SERIES STATEMENT/ADDED ENTRY--TITLE
Title Oxford Islamic Legal Studies
505 0# - FORMATTED CONTENTS NOTE
Formatted contents note Part I -- Chapter 1: Mourning Loss Through Debate: Pious Critique and its Limits -- Chapter 2: The Emergence of Pious Critique: a Genealogy of "Munazara" -- Chapter 3 "Why do We Debate?": Uncovering Two Discursive Foundations for Disputation -- Part II -- Chapter 4: Debating the Convert's Jizya: How the Madhhab Enabled Ijtihad -- Chapter 5: Forced Marriage in Shafi'i Law: Revisiting School Doctrine -- Chapter 6: The Case of the Mistaken Prayer Direction: Debating Indeterminate School Doctrine -- Part III -- Chapter 7: The End of Critical Islam?: Shafi'ism and Temporal Decay
520 ## - SUMMARY, ETC.
Summary, etc. "In a richly narrated historical study, Soufi excavates an Islamic legal culture of critique from the 10th-13th century. Focusing on the practice of (disputation), Soufi explores how and why oral debates became a pervasive and revered part of the intellectual legal landscape of Iraq and Persia. Pushing back against claims that classical Muslim jurists sought to weed out differences of opinion, The Rise of Critical Islam presents a community committed to the openness, fluidity, and continued exploration of the law. In uncovering this classical legal culture, Soufi invites readers to question claims about the promise of secular critique in disciplining religious passions and forging human solidarity." --Provided by publisher.
600 ## - SUBJECT ADDED ENTRY--PERSONAL NAME
Personal name Abū Isḥāq al-Shīrāzī
Fuller form of name Abū Isḥāq Ibrāhīm ibn ʿAlī al-Shīrāzī
650 #0 - SUBJECT ADDED ENTRY--TOPICAL TERM
Topical term or geographic name as entry element Islamic law
General subdivision History
650 #0 - SUBJECT ADDED ENTRY--TOPICAL TERM
Topical term or geographic name as entry element Islamic law
General subdivision Methodology
-- History
650 #0 - SUBJECT ADDED ENTRY--TOPICAL TERM
Topical term or geographic name as entry element Islamic legal culture
General subdivision Munazara (disputation)
-- Oral debates
Chronological subdivision 10th-13th century
650 #0 - SUBJECT ADDED ENTRY--TOPICAL TERM
Topical term or geographic name as entry element Islamic law
General subdivision Institutional conditions
-- Social conditions
-- Discursive conditions
Chronological subdivision 10th century-13th century
942 ## - ADDED ENTRY ELEMENTS (KOHA)
Source of classification or shelving scheme Dewey Decimal Classification
Koha item type Books
Holdings
Withdrawn status Lost status Source of classification or shelving scheme Damaged status Not for loan Home library Current library Shelving location Date acquired Total Checkouts Full call number Barcode Date last seen Price effective from Koha item type
    Dewey Decimal Classification     Netherlands-Flemish Institute in Cairo (NVIC) Library Netherlands-Flemish Institute in Cairo (NVIC) Library Main Library - 0.01 03/18/2024   B 1676 B 1676 03/18/2024 03/18/2024 Books